Les joueurs avec la meilleure note depuis Fifa 22 - Statistiques

Statistiques générales
  • Ce quiz a été pris 142 fois
  • Le résultat moyen est 47 sur 50
Statistiques - réponses
Années Notes Clubs Nationalités Joueurs % Correct
FC 26 91 Réal Madrid France Kylian Mbappé
99%
FC 25 91 Réal Madrid France Kylian Mbappé
99%
FC 24 91 PSG France Kylian Mbappé
99%
Fifa 23 91 PSG France Kylian Mbappé
99%
Fifa 22 91 PSG France Kylian Mbappé
99%
FC 26 91 FC Liverpool Egypte Mohamed Salah
99%
FC 25 89 FC Liverpool Egypte Mohamed Salah
99%
FC 24 89 FC Liverpool Egypte Mohamed Salah
99%
FC 26 90 PSG France Ousmane Dembélé
99%
FC 26 90 Manchester City Espagne Rodri
98%
FC 25 91 Manchester City Espagne Rodri
98%
FC 26 89 PSG Maroc Achraf Hakimi
97%
FC 26 90 Manchester City Norvège Erling Haaland
96%
FC 25 91 Manchester City Norvège Erling Haaland
96%
FC 24 91 Manchester City Norvège Erling Haaland
96%
FC 25 90 Bayern Munich Angleterre Harry Kane
95%
FC 24 90 Bayern Munich Angleterre Harry Kane
95%
Fifa 22 90 Tottenham Hotspurs Angleterre Harry Kane
95%
FC 24 89 Inter Miami Argentine Lionel Messi
95%
Fifa 23 91 PSG Argentine Lionel Messi
95%
Fifa 22 93 PSG Argentine Lionel Messi
95%
FC 24 90 FC Barcelone Pologne Robert Lewandowski
95%
Fifa 23 91 FC Barcelone Pologne Robert Lewandowski
95%
Fifa 22 92 Bayern Munich Pologne Robert Lewandowski
95%
FC 25 90 Réal Madrid Brésil Vinicius
95%
FC 26 90 FC Liverpool Pays-Bas Virgil Van Dijk
95%
Fifa 23 90 FC Liverpool Pays-Bas Virgil Van Dijk
95%
Fifa 23 90 Manchester United Portugal Cristiano Ronaldo
94%
Fifa 22 91 Manchester United Portugal Cristiano Ronaldo
94%
FC 26 90 Réal Madrid Angleterre Jude Bellingham
94%
FC 25 90 Réal Madrid Angleterre Jude Bellingham
94%
FC 24 90 Réal Madrid France Karim Benzema
94%
Fifa 23 91 Réal Madrid France Karim Benzema
94%
FC 25 90 Manchester City Belgique Kévin De Bruyne
94%
FC 24 90 Manchester City Belgique Kévin De Bruyne
94%
Fifa 23 91 Manchester City Belgique Kévin De Bruyne
94%
Fifa 22 91 Manchester City Belgique Kévin De Bruyne
94%
FC 24 89 PSG Brésil Neymar
94%
Fifa 22 91 PSG Brésil Neymar
94%
Fifa 23 90 Tottenham Hotspurs Corée du Sud Hueng-Min-Son
93%
FC 26 89 FC Barcelone Espagne Lamine Yamal
93%
Fifa 23 90 Bayern Munich Sénégal Sadio Mané
93%
FC 25 89 PSG Italie Gianluigi Donnarumma
92%
Fifa 22 90 FC Chelsea France N'golo Kanté
92%
FC 25 89 FC Arsenal Norvège Martin Odegaard
91%
FC 24 90 Réal Madrid Belgique Thibaut Courtois
91%
Fifa 23 90 Bayern Munich Allemagne Manuel Neuer
90%
FC 26 89 FC Barcelone Brésil Raphinha
90%
Fifa 22 91 Atlético Madrid Slovénie Jan Oblak
88%
Fifa 22 90 FC Barcelone Allemagne Marc-André Ter Stegen
84%
Aucun quiz correspondant
Distribution des résultats
% des personnes avec chaque résultat
Percentile par nombre de réponses
Votre historique - résultats
Vous n’avez pas pris ce quiz